Latitudes /

Bibliographic Details
Main Author: Etcheverry, Gabriela
Format: Book
Language:Spanish
Language Notes:In Spanish.
Published: [Ottawa, Ont.?] : Split Quotation, [2007]
Subjects:

MARC

Tag First Indicator Second Indicator Subfields
LEADER 00000cam a2200000Ia 4500
001 in00002372575
005 20151109043341.0
008 080303s2007 onc 000 1 spa d
020 |a 9781895006001 
020 |a 1895006007 
035 |a (OCoLC)ocn212628575 
035 |a (OCoLC)212628575 
040 |a YDX  |c YDX  |d YDXCP  |d MUU  |d CUY  |d TXA  |d UtOrBLW 
049 |a TXAM 
050 4 |a PQ7079.3.E83  |b L37 2007 
100 1 |a Etcheverry, Gabriela. 
245 1 0 |a Latitudes /  |c Gabriela Etcheverry. 
264 1 |a [Ottawa, Ont.?] :  |b Split Quotation,  |c [2007] 
264 4 |c ©2007 
300 |a 210 pages ;  |c 22 cm. 
336 |a text  |b txt  |2 rdacontent 
337 |a unmediated  |b n  |2 rdamedia 
338 |a volume  |b nc  |2 rdacarrier 
546 |a In Spanish. 
650 0 |a Canadian literature (Spanish) 
938 |a YBP Library Services  |b YANK  |n 2754559 
945 |a PromptCat  |b 391517 
946 |a stk 
947 |a A14836873747 
948 |a cataloged  |b h  |c 2008/8/29  |d c  |e fpiscitelli  |f 8:12:02 pm 
994 |a C0  |b TXA 
999 |a MARS 
999 f f |s 4c7434ce-cf00-3083-9d3c-442971cbc045  |i 28ac0fb2-0461-37bb-935a-e1f85bd8b45e  |t 0 
952 f f |p normal  |a Texas A&M University  |b College Station  |c Sterling C. Evans Library  |d Evans: Library Stacks  |t 0  |e PQ7079.3.E83 L37 2007  |h Library of Congress classification  |i unmediated -- volume  |m A14836873747 
998 f f |a PQ7079.3.E83 L37 2007  |t 0  |l Evans: Library Stacks